000 00582nam a2200169 i 4500
001 104630
003 ES-MaACL
005 20230906183642.0
007 t|
008 051202s1958 sp ||||1| spa d
110 2 _aEspaña.
_bMinisterio de Educación Nacional.
_93859
245 1 0 _aBachillerato. Temas de grado...
_b: comentarios de textos /
_cMinisterio de Educación Nacional.
260 _aMadrid :
_b[s.n.],
_c1958 (
_fGráficas Coalla)
300 _a183 p. ;
_c22 cm.
500 _a"Publicaciones de la Revista de Enseñanza Media"
852 _aES-MaACL
_jC-17717
_bR.43542
999 _c104630
_d104630